000 00669nam a2200241Ia 4500
003 OSt
005 20260417173111.0
006 a|||||r|||| 00| 0
007 ta
008 220926b |||||||| |||| 00| 0 hin d
024 _a19134
037 _cTheses
040 _aCRL
_cCRL
_bhin
041 _2hin
_ahin
100 _aPrabhakar Sukhda
_9529538
110 _aUniversity of Delhi. Faculty of Arts. Department of Hindi
245 0 _aBhushan
_b kavi aur acharya
260 _c1984
650 _aHINDI LITERATURE
_923866
700 _aUniversity of Delhi. Faculty of Arts. Department of Hindi
942 _cTH
_2CC
999 _c863558
_d863558